LEADER 01025nam0-22003251i-450 001 990001882890403321 005 20190529131440.0 035 $a000188289 035 $aFED01000188289 035 $a(Aleph)000188289FED01 035 $a000188289 100 $a20021010d1997----km-y0itay50------ba 101 0 $aita 200 1 $aDifferential splicing of pre-messemger RNA produces multiple forms of mature caprine - casein$fPasquale Ferranti, FrancescoAddeo, Antonio Malorni... 210 $as.l.$c...$d1997. 215 $a7 p.$d30 cm 300 $aEstr. da: Eur. j. biochem., 249,1997. 610 0 $aCaseina 676 $a637.3 702 1$aAddeo,$bFrancesco 702 1$aFerrani,$bPasquale 702 1$aMalorni,$bAntonio 801 0$aIT$bUNINA$gRICA$2UNIMARC 901 $aLG 912 $a990001882890403321 952 $a60 OP. 153/67$fFAGBC 959 $aFAGBC 996 $aDIFFERENTIAL splicing of pre-messemger RNA produces multiple forms of mature caprine - casein$9403813 997 $aUNINA DB $aING01 LEADER 01186nam 2200385 450 001 9910438952903321 005 211118083030.5 010 $a987-722-739-8 035 $a(CKB)4100000011777398 035 $a(MiAaPQ)EBC6778620 035 $a(EXLCZ)994100000011777398 100 $a20210921d2020 uy 0 101 0 $aspa 135 $aurcnu|||||||| 181 $ctxt$2rdacontent/spa 182 $cc$2rdamedia/spa 183 $acr$2rdacarrier/spa 200 10$aSer joven en la ciudad de Veracruz $evida y participacio?n en contextos de cambio y violencia /$fErnesto Trevin?o Ronzo?n 210 1$aArgentina :$cCLACSO,$d2020. 215 $a1 recurso en li?nea (109 pa?ginas) 300 $aI?ndice. 320 $aB ibliografi?a. 606 $aJo?venes$xViolencia$zMe?xico 606 $aYouth$xViolence$zMexico 608 $aLibros electronicos. 615 4$aJo?venes$xViolencia 615 4$aYouth$xViolence 676 $a305.23086 700 $aTrevin?o Ronzo?n$b Ernesto$01069365 801 0$bFINmELB 801 1$bFINmELB 906 $aBOOK 912 $a9910438952903321 996 $aSer joven en la ciudad de Veracruz$92555312 997 $aUNINA